00195nam a2200061Ia 4500008004100000100001400041245007800055120527s9999 xx 000 0 und d aGERMAN, J aEmotional disorders and learning disabilities in the elementary classroom